000 00311nam a22001337a 4500
003 SGT
020 _a97815-43343-13-7
100 _aSHEAIKH, SAMEER. S
245 _aA TEXT BOOK OF INDUSTRIAL PHARMACY
250 _a1st
260 _aS. VIKAS
_bPUNJAB
_c2019
650 _a INDUSTRIAL, PHARMACY
942 _2ddc
_cBK
999 _c24640
_d24640